000 00586nam a22001817a 4500
005 20240201102300.0
008 240201b |||||||| |||| 00| 0 eng d
020 _a9781485108559
041 _aEnglish
082 _a346.5 DEW
100 _aDe Waal, MJ and Schoeman-Malan, MC
_lEnglish
245 _aLaw of Succession /
_cMJ De Waal and MC Schoeman-Malan
250 _aFifth Edition
260 _aCape Town :
_bJuta and Company (Pty) Ltd,
_c2015
300 _bxlviii, 283 pages ;
_c26 cm.
650 _aLegal practice
_bLaw
942 _cBK
_6ALISON_BN_VRIES
999 _c1320
_d1320